Computer basics and C programming (Record no. 7808)
[ view plain ]
| 000 -LEADER | |
|---|---|
| fixed length control field | 00289nam a2200121Ia 4500 |
| 008 - FIXED-LENGTH DATA ELEMENTS--GENERAL INFORMATION | |
| fixed length control field | 191201s2008 xx 000 0 und d |
| 100 ## - MAIN ENTRY--PERSONAL NAME | |
| Personal name | RAJARAMAN, V |
| 245 #0 - TITLE STATEMENT | |
| Title | Computer basics and C programming |
| 250 ## - EDITION STATEMENT | |
| Edition statement | Rep |
| 260 ## - PUBLICATION, DISTRIBUTION, ETC. (IMPRINT) | |
| Date of publication, distribution, etc | 2008 |
| Name of publisher, distributor, etc | PHI |
| Place of publication, distribution, etc | NEW DELHI |
| 300 ## - PHYSICAL DESCRIPTION | |
| Extent | 431 |
| 942 ## - ADDED ENTRY ELEMENTS (KOHA) | |
| Source of classification or shelving scheme | Dewey Decimal Classification |
| Koha item type | Text Books |
| 942 ## - ADDED ENTRY ELEMENTS (KOHA) | |
| -- | 5 |
| Withdrawn status | Lost status | Source of classification or shelving scheme | Damaged status | Not for loan | Collection code | Home library | Current library | Date acquired | Source of acquisition | Cost, normal purchase price | Bill Number | Total Checkouts | Full call number | Acc. no. / Barcode | Date last seen | Date last borrowed | Actual Cost, discounted price | Bill Date | Koha item type |
|---|---|---|---|---|---|---|---|---|---|---|---|---|---|---|---|---|---|---|---|
| Dewey Decimal Classification | BCA | PIET C-LIBRARY | PIET C-LIBRARY | 31/08/2012 | IBH, New Delhi | 250.00 | 9980 | 1 | 005.133 RAC | BC260 | 16/01/2023 | 15/12/2022 | 156.00 | 31/08/2012 | Text Books | ||||
| Dewey Decimal Classification | BCA | PIET C-LIBRARY | PIET C-LIBRARY | 31/08/2012 | IBH, New Delhi | 250.00 | 9980 | 4 | 005.133 RAC | BC261 | 16/10/2025 | 03/10/2025 | 156.00 | 31/08/2012 | Text Books | ||||
| Dewey Decimal Classification | BCA | PIET C-LIBRARY | PIET C-LIBRARY | 31/08/2012 | IBH, New Delhi | 250.00 | 9980 | 2 | 005.133 RAC | BC262 | 27/11/2023 | 17/11/2023 | 156.00 | 31/08/2012 | Text Books |